[Event "XX Sants Open 2018"]
[Site "Cotxeres de Sants"]
[Date "2018.08.26"]
[Round "10"]
[White "Gledura, Benjamin"]
[Black "Bellia, Fabrizio"]
[Result "1/2-1/2"]
[WhiteElo "2626"]
[BlackElo "2440"]
[Annotator "TA"]
[PlyCount "81"]
[EventDate "2018.08.17"]
[EventType "swiss"]
[EventCountry "ESP"]
[SourceTitle "playchess.com"]
[Source "ChessBase"]
[SourceQuality "1"]

{[%evp 29,81,6,9,2,18,9,9,5,10,9,7,6,8,10,7,4,9,0,17,10,18,16,15,8,16,0,0,0,9,-16,-13,-21,0,-40,-37,-38,-26,-60,-66,-73,-42,-49,-52,-50,-40,-64,-65,-79,-65,-181,-108,-131,-164,-120]} 1. Nf3 d5 2. d4 Nf6 3. c4 e6 4. g3 Bb4+ 5. Bd2 Be7 6. Bg2 O-O 7. O-O c6 8. Qc2 b6 9. Bf4 Bb7 10. Rd1 Nbd7 11. Ne5 Nh5 {E08: Closed Catalan: Main Line: 7 Qc2} (11... Rc8 12. Nc3 Nh5 13. Bc1 Nhf6 14. e4 Bb4 15. Bg5 Qc7 16. Nxd7 Nxd7 17. a3 Bxc3 18. Qxc3 dxc4 19. Bf4 Qd8 20. Bd6 {0-1 (76) Dominguez Perez,L (2739)-Caruana,F (2822) Saint Louis 2018}) 12. Bd2 Nhf6 13. cxd5 cxd5 14. Nc6 Bxc6 15. Qxc6 Rc8 {LiveBook: 58 Games} 16. Qb5 Ne8 17. Qd3 Nd6 18. b3 Nb8 19. Nc3 {[#]} Nc6 $146 20. Rac1 Qd7 21. e3 h6 22. Qb1 Rfd8 23. a3 b5 24. Bf1 Qb7 25. Be1 a6 26. Ne2 Ne4 27. Qb2 Bd6 28. f3 Nf6 29. Nf4 Qe7 30. b4 e5 31. Ne2 e4 32. f4 Qe6 33. Rc3 Ne7 $36 {[%mdl 2048] White is under pressure.} 34. Nc1 Nd7 {[%cal Bf6d7,Bd7b6,Bb6c4][%mdl 32]} 35. Rxc8 Rxc8 36. Nb3 Nf5 37. Qd2 Nb6 38. Nc5 Qg6 39. Nxa6 ({White should try} 39. a4 $15) 39... Nc4 $19 40. Bxc4 Rxc4 41. Nc5 {Precision: White = 44%, Black = 61%.} 1/2-1/2

[Event "XX Sants Open 2018"]
[Site "Cotxeres de Sants"]
[Date "2018.08.26"]
[Round "10"]
[White "Petrov, Nikita"]
[Black "Anurag, Mhamal"]
[Result "1/2-1/2"]
[WhiteElo "2591"]
[BlackElo "2484"]
[Annotator "TA"]
[PlyCount "143"]
[EventDate "2018.08.17"]
[EventType "swiss"]
[EventCountry "ESP"]
[SourceTitle "playchess.com"]
[Source "ChessBase"]
[SourceQuality "1"]

{[%evp 20,143,-21,-20,4,-17,-17,-24,0,-8,15,8,55,15,18,29,28,36,23,23,23,21,23,5,8,-14,-4,0,0,-9,43,36,57,54,54,66,57,58,77,68,72,32,52,35,47,56,68,-7,-4,-2,-3,-8,0,-41,-41,-31,-34,-34,-20,-83,-74,-83,-77,-79,-103,-118,-132,-106,-35,-34,-27,-34,-24,-39,-39,-61,0,0,8,0,26,20,183,187,180,180,287,0,56,0,0,0,57,56,56,53,59,41,56,43,35,41,91,65,147,8,8,8,14,0,0,0,0,0,0,0,0,0,0,0,0,0,0,0,0,0]} 1. Nf3 Nf6 2. c4 g6 3. g3 Bg7 4. Bg2 c6 5. O-O O-O 6. d4 d5 7. Qb3 Qb6 8. Nc3 Rd8 9. c5 {D78: Grünfeldindisch (Fianchetto 6.0-0 c6)} (9. Bd2 Bf5 10. Qa3 e6 11. e4 Nxe4 12. Nxe4 dxe4 13. Ba5 Qa6 14. Bxd8 Qxa3 15. bxa3 exf3 16. Bxf3 Nd7 17. Bg5 Bxd4 18. Rad1 e5 19. Rfe1 Nc5 20. Bf6 Nd7 21. Rxd4 exd4 22. Bxd4 {½-½ (22) Mamedyarov,S (2808)-Vachier Lagrave,M (2789) Leuven 2018}) 9... Qxb3 10. axb3 Na6 {[%cal Bb8a6,Ba6c7,Bc7d5][%mdl 32]} 11. Bf4 {LiveBook: 40 Partien} h6 $146 ({Vorgänger:} 11... Nd7 12. Ra3 f6 13. e4 dxe4 14. Nxe4 Nf8 15. Nc3 Ne6 16. Be3 Nb4 {0-1 (35) Bologan,V (2615)-Ragger,M (2659) Heraklio 2017}) 12. Ra4 Nd7 13. b4 b5 14. Ra5 g5 15. Bd2 Nc7 16. e4 dxe4 17. Nxe4 Nd5 18. Bc3 a6 19. Ned2 g4 20. Ne1 {[%cal Bf3e1,Be1c2,Bc2e3,Be3f5][%mdl 32]} e5 21. Bxd5 cxd5 22. Nc2 Nb8 {Droht stark ...Lf5.} 23. Nb3 Bf5 24. Ne3 Bd3 ({Besser ist} 24... Be4 $11) 25. Rd1 $14 Bc4 26. Ra3 Nc6 27. Nf5 Bxb3 28. Rxb3 e4 29. Ra3 Ra7 30. Raa1 h5 31. Kg2 Kh7 32. h3 Kg6 33. Nh4+ (33. hxg4 $14 hxg4 34. Nxg7) 33... Kf6 $11 34. hxg4 hxg4 35. Kf1 Rh8 36. Ke2 {[#]} a5 $1 {[%mdl 512]} 37. Rxa5 (37. bxa5 b4) 37... Rxa5 38. bxa5 b4 39. Be1 (39. Ng2 $1 $11 {hält das Gleichgewicht.}) 39... Ke6 $17 40. Ke3 Bh6+ 41. Ke2 Ra8 42. Ng2 Rxa5 43. Kf1 f6 (43... Ke7 $17) 44. Bd2 $1 $15 {[%cal Rd2h6]} Bg5 45. Bxg5 $1 fxg5 $11 {[%mdl 4096] Endspiel KTS-KTS} 46. Ne3 Ra2 47. b3 Na5 (47... Rb2 $15 48. Ra1 Kf7) 48. Rb1 Ra3 49. Kg2 Rxb3 50. Rh1 Rd3 $2 (50... Rb2 $11 {und Schwarz muss sich keine Sorgen machen.}) 51. Rh6+ $18 Kd7 52. Nxd5 b3 (52... e3 $142) 53. Rb6 $2 (53. Rd6+ $18 Ke8 54. c6 Nxc6 55. Rxc6) 53... b2 ({Lieber} 53... Kc8 $11) 54. Nf6+ (54. Rxb2 $5 {[%cal Rb2b6]} Rxd4 55. Nf6+ Kc6 56. Re2 $16 (56. Nxg4 Kxc5 57. Rb8 Nc4 $14)) 54... Ke7 {Weiss muss nun ...Sb3 beachten.} 55. Nd5+ Kd7 56. Rxb2 Rxd4 57. Nf6+ Kc6 58. Re2 Nb3 59. Nxe4 Nxc5 60. Nxg5 {Und Tc2 würde nun gewinnen.} Kd7 61. Re3 Rd5 {[#]} ({Günstiger ist} 61... Nb7 $14) 62. Ne4 (62. Nf7 $1 $16) 62... Nxe4 $1 $11 {Die Stellung ist ausgeglichen.} 63. Rxe4 {KT-KT} Rg5 64. f3 gxf3+ 65. Kxf3 Rg8 66. g4 {Droht Kf4 und aus.} Re8 67. Rxe8 (67. Rc4 {keeps more tension.} Ke6 68. Kf4 Kf6 69. Rc6+ Kg7 70. Kf5) 67... Kxe8 68. Ke4 Kf8 69. Kf4 Kg8 70. Ke5 $1 {[%cal Re5f6] Und weiter mit Kf6 wäre nett.} Kg7 71. Kf5 $1 {[%cal Rf5g5] Kg5 ist eine echte Drohung.} Kf7 72. Ke4 {Precision: Weiß = 53%, Schwarz = 50%.} 1/2-1/2

[Event "XX Sants Open 2018"]
[Site "Cotxeres de Sants"]
[Date "2018.08.26"]
[Round "10"]
[White "Esipenko, Andrey"]
[Black "Vaibhav, Suri"]
[Result "1-0"]
[WhiteElo "2589"]
[BlackElo "2561"]
[Annotator "TA"]
[PlyCount "94"]
[EventDate "2018.08.17"]
[EventType "swiss"]
[EventCountry "ESP"]
[SourceTitle "playchess.com"]
[Source "ChessBase"]
[SourceQuality "1"]

{[%evp 22,94,28,18,15,18,23,6,20,8,35,-321,16,17,50,9,54,44,56,44,46,42,27,35,74,74,74,61,97,104,79,123,128,139,144,150,136,140,131,18,116,104,92,87,88,92,75,80,66,0,0,0,0,0,0,0,0,0,0,0,0,-102,219,217,169,26,36,36,30,0,0,0,55,0,0]} 1. d4 Nf6 2. c4 e6 3. Nf3 d5 4. g3 Be7 5. Bg2 O-O 6. O-O dxc4 7. Qc2 b6 {E05: Open Catalan: 5 Nf3 Be7} 8. Ne5 Qxd4 9. Bxa8 Qxe5 10. Bf3 Nd5 11. Qxc4 Ba6 12. Qa4 {LiveBook: 9 Games} c5 13. a3 $146 ({Predecessor:} 13. Na3 Qc7 14. Rd1 Bf6 15. Rb1 Qc6 16. Qe4 Qc8 17. Qa4 Qc6 18. Qe4 Qc8 19. Qa4 {½-½ (19) Vitiugov,N (2730)-Kryvoruchko,Y (2711) Linares 2018}) 13... Bf6 14. Re1 c4 15. e4 b5 (15... c3 {with more complications.} 16. Nxc3 Nxc3 17. bxc3 Qxc3 18. Be3 b5) 16. Qa5 $2 {[%mdl 8192]} (16. Qd1 $14 {stays ahead.} Nb6 17. Nc3) 16... Ne7 $2 ({Better is} 16... c3 $19 17. Bd2 cxd2 18. Nxd2 Ne7) 17. Qc3 $1 $11 Nec6 18. Qxe5 (18. Bf4 {is more complex.} Qd4 19. e5 Be7 20. Be4 Qd7 21. Qe3) 18... Bxe5 (18... Nxe5 {keeps more tension.} 19. Be2 Nec6 20. Nc3 Nd4 21. Rb1 Bb7) 19. Nc3 Nd4 20. Bd1 $1 Nbc6 21. f4 Bc7 22. e5 f6 23. exf6 gxf6 24. Be3 f5 25. a4 {And now axb5 would win.} b4 {[#]} 26. Nb5 $1 {[%cal Rb5c7][%mdl 512]} Nxb5 (26... Bxb5 27. axb5) 27. axb5 Bxb5 28. Ba4 Bxa4 29. Rxa4 Bb6 30. Kf1 (30. Kf2 $16) 30... Kf7 (30... Bxe3 $11 31. Rxe3 Kf7) 31. Bxb6 axb6 $16 {[%mdl 4096] Endgame KRR-KRN} 32. Ra6 Rb8 33. Rc1 $1 {[%cal Rc1c4]} Na5 34. Ra7+ Kf6 35. Rd1 ({White should try} 35. Rxh7 $14 Nb3 36. Rd1) 35... Rb7 $11 36. Rxb7 Nxb7 {KR-KN} 37. Ke2 Ke7 38. Ra1 Kd6 39. Ra7 Kc6 40. Kd2 h5 41. b3 {[#]} (41. Kc1 $11) 41... cxb3 $2 {[%mdl 8192]} (41... b5 $1 $17 {stays on course. White must now prevent ...Nc5.} 42. Ra6+ Kc7) 42. Kc1 $18 Nc5 {[#]} 43. Kb2 (43. Rh7 $1 $18) 43... Kd5 44. Rh7 {[%mdl 1024] White has compensation.} Kc4 {aiming for ...Na4+.} 45. Rc7 Kd5 (45... Kb5 $11) 46. Rh7 $14 Kc4 {Strongly threatening ...Na4+.} 47. Rc7 (47. Rxh5 $14 Nd3+ 48. Kb1) 47... Kd5 {[%mdl 32768] Precision: White = 43%, Black = 57%. . Sensor Board Error (Ke4/e5)?} 1-0

[Event "XX Sants Open 2018"]
[Site "Cotxeres de Sants"]
[Date "2018.08.26"]
[Round "10"]
[White "Cruz, Cristhian"]
[Black "Froewis, Georg"]
[Result "1-0"]
[WhiteElo "2571"]
[BlackElo "2419"]
[Annotator "TA"]
[PlyCount "65"]
[EventDate "2018.08.17"]
[EventType "swiss"]
[EventCountry "ESP"]
[SourceTitle "playchess.com"]
[Source "ChessBase"]
[SourceQuality "1"]

{[%evp 17,65,17,0,-24,-17,-17,-16,-15,-7,-26,0,-3,-14,-34,-11,-16,21,21,83,87,81,99,94,85,83,81,89,81,89,85,88,84,94,27,166,171,118,131,241,233,251,216,367,371,510,500,475,447,621,620]} 1. d4 e6 2. c4 d5 3. Nc3 c6 4. e4 dxe4 5. Nxe4 Bb4+ 6. Nc3 c5 7. a3 Bxc3+ 8. bxc3 Nf6 {D31: Queen's Gambit Declined: Semi-Slav without ...Nf6 (+ Marshall Gambit and Noteboom) and Exchange Variation lines without ...Nf6} 9. Nf3 Qa5 {LiveBook: 23 Games} (9... Nc6 10. Be2 O-O 11. O-O h6 12. Bf4 b6 13. Ne5 Nxe5 14. dxe5 Nh7 15. Bf3 Rb8 16. Qa4 {½-½ (58) Xu,X (2545)-Korobov,A (2664) Moscow 2018}) 10. Qc2 cxd4 {Black has an edge.} 11. Bd2 d3 12. Bxd3 Nbd7 13. O-O {[%cal Bh1f1,Bf1e1,Be1e5,Be5c5][%mdl 32]} Nc5 $146 ({Predecessor:} 13... O-O 14. Rfe1 Re8 15. Re2 {0-1 (35) Eising,J (2355)-Buecker,P (2285) Germany West 1984}) 14. Rfe1 Bd7 15. Re5 b6 16. a4 Rd8 (16... Rc8 {is more complex.} 17. Qb1 O-O 18. Nd4 Qa6 19. Be2 Bc6) 17. Nd4 Bxa4 (17... O-O $11) 18. Rxc5 $1 $16 Bxc2 19. Rcxa5 Bxd3 20. Rxa7 {And now Nc6 would win.} O-O 21. Nc6 Rd7 22. Ne5 Rxa7 23. Rxa7 Ne4 24. Be3 (24. Nxd3 $6 Nxd2 25. Rc7 Ra8 $11) 24... Be2 25. Nd7 ({White should play} 25. f3 $16 Nc5 26. Bxc5 bxc5 27. Rc7) 25... Rc8 (25... Re8 $11 {and Black stays safe.}) 26. f3 $18 Nxc3 27. Bd4 Nb1 (27... Nd1 $16) 28. Kf2 ({Not} 28. Bxb6 Bxc4 29. Bc7 Bd3 $15) ({Don't play} 28. Nxb6 $6 Rd8 $16) 28... Bd3 29. Ke3 ({And not} 29. Bxb6 Bxc4 30. Bc7 Bb3 $11) 29... Bc2 $2 {[#]} (29... Bg6 {keeps fighting.} 30. Nxb6 Rd8) 30. Nxb6 Re8 31. c5 {[%cal Bc4c5,Bc5c6][%mdl 32] White is clearly winning.} e5 32. Bb2 f5 33. c6 {Precision: White = 71%, Black = 35%.} 1-0

[Event "XX Sants Open 2018"]
[Site "Cotxeres de Sants"]
[Date "2018.08.26"]
[Round "10"]
[White "Martinez Alcantara, Jose Eduardo"]
[Black "Cuartas, Jaime Alexander"]
[Result "1/2-1/2"]
[WhiteElo "2561"]
[BlackElo "2499"]
[Annotator "TA"]
[PlyCount "143"]
[EventDate "2018.08.17"]
[EventType "swiss"]
[EventCountry "ESP"]
[SourceTitle "playchess.com"]
[Source "ChessBase"]
[SourceQuality "1"]

{[%evp 14,143,31,10,20,18,22,21,31,25,42,34,40,0,0,0,22,12,31,25,24,0,11,15,16,16,10,-7,16,14,13,20,33,3,17,18,35,36,40,34,58,56,76,76,76,76,76,75,75,67,75,75,75,75,75,75,76,76,83,75,76,77,77,77,134,112,116,114,114,116,129,114,132,124,123,97,109,105,83,38,87,87,87,70,89,89,89,81,80,46,34,8,154,62,199,8,8,8,8,8,8,8,8,8,8,8,0,0,5,0,8,0,2,4,27,27,27,27,670,584,426,0,0,0,0,0,0,0,0,0,0,0]} 1. e4 c5 2. Nf3 Nc6 3. Nc3 e5 4. Bc4 Be7 5. d3 Nf6 6. Nd2 d6 7. Nf1 a6 {B30: Sicilian: 2...Nc6 3 Bb5, lines without ...g6} (7... Bg4 8. f3 Be6 9. Ne3 O-O 10. O-O Nh5 11. g3 Bg5 12. Ncd5 Bxe3+ 13. Bxe3 Ne7 14. Bg5 Bxd5 15. Bxd5 h6 16. Bxe7 Qxe7 17. f4 Nf6 18. Bb3 {½-½ (57) Bacrot,E (2725)-Yu,Y (2751) Riadh 2017}) 8. a3 {LiveBook: 7 Games} Be6 9. Ne3 b5 10. Ba2 Bxa2 11. Rxa2 O-O 12. O-O Nd4 13. a4 $146 ({Predecessor:} 13. Ne2 d5 {0-1 (53) Porat,D (2233)-Lotsov Har Zahav,A (2067) Herzliya 2008}) 13... b4 14. Ncd5 Nxd5 15. Nxd5 a5 16. c3 Ne6 17. Qg4 Bg5 18. Bxg5 Qxg5 19. Qxg5 Nxg5 20. g3 f6 21. f4 Ne6 22. f5 $36 {[%mdl 2048] White has the initiative.} Nd8 23. Nb6 Ra6 24. Nc4 Kf7 25. Raa1 Ke7 26. g4 Nf7 27. Kf2 Rb8 28. h4 h6 29. Ke2 Ra7 30. Kd2 Kd7 31. Rac1 Ra6 32. Rg1 Ra7 33. Kc2 Ra6 34. Rgd1 Ke8 35. Ne3 Rab6 36. Rb1 Rc6 37. Nc4 Ra8 38. Kb3 Rb8 (38... Rca6 $142) 39. Nxa5 $16 Ra6 40. Nc4 bxc3+ 41. Kxc3 Rxa4 42. Ra1 Rba8 43. Ra3 $1 Rxa3+ 44. bxa3 {[%mdl 4096] Endgame KRN-KRN} ({Much weaker is} 44. Nxa3 $6 Nd8 $11) 44... Kd8 45. Rb1 {Threatens to win with Rb7.} Kc7 46. Rb3 Nd8 47. Nb6 Ra7 48. Nd5+ Kd7 49. a4 Nc6 50. Kb2 Ne7 51. Nxe7 (51. Nc3 {looks sharper.} Kc8 52. Ka3 Ra6 53. Rb2 Rc6 54. g5) 51... Kxe7 {KR-KR} 52. Ra3 (52. Ka3 $5 {[%cal Rb3b5]}) 52... Kd7 (52... d5 $1 $11 {remains equal.}) 53. Kc3 (53. a5 $1 $16) 53... Kc6 {[#]} ({Black should play} 53... Ra5 $1 $14) 54. Kc4 $2 (54. a5 $1 $18) 54... Rd7 $1 $11 55. a5 {[%cal Ba4a5,Ba5a6,Ba6a7][%mdl 32]} d5+ $1 56. exd5+ Rxd5 57. a6 Rd4+ 58. Kc3 Rd8 59. a7 Kb7 60. Ra5 Ka8 $1 61. Rxc5 {And now Rc7 would win.} Rd7 $1 62. g5 hxg5 63. hxg5 Kxa7 64. gxf6 gxf6 65. Rc6 Rf7 $2 {[%mdl 8192]} (65... Rd4 $11) 66. Kc4 $18 Kb7 {[#]} 67. Kd5 $2 (67. Rd6 $1 $18 {Black must now prevent Kd5.} Kc7 68. Kc5) 67... Rd7+ $1 $11 {The position is equal.} 68. Rd6 Kc7 $1 69. Rxd7+ Kxd7 70. Kc5 Kc7 $1 71. Kd5 {Threatening mate with Ke6.} Kd7 $1 72. Kc5 {Precision: White = 58%, Black = 46%.} 1/2-1/2

[Event "XX Sants Open 2018"]
[Site "Cotxeres de Sants"]
[Date "2018.08.26"]
[Round "10"]
[White "Quesada Perez, Yasser"]
[Black "Vidal Zamora, Alex"]
[Result "1-0"]
[WhiteElo "2534"]
[BlackElo "2404"]
[Annotator "TA"]
[PlyCount "91"]
[EventDate "2018.08.17"]
[EventType "swiss"]
[EventCountry "ESP"]
[SourceTitle "playchess.com"]
[Source "ChessBase"]
[SourceQuality "1"]

{[%evp 12,91,14,13,32,20,15,0,12,3,18,4,82,20,20,16,35,-12,-8,-20,22,0,20,-78,-78,-96,-27,-31,-40,-82,-22,-25,-16,-163,-154,-154,-159,-145,-150,-246,-256,-277,-49,-58,-41,-47,41,22,9,61,68,0,0,0,56,44,360,362,342,338,370,364,425,335,337,314,743,751,751,684,705,696,621,458,445,442,446,443,577,530,565,558]} 1. e4 c5 2. Nf3 d6 3. c3 Nf6 4. h3 e6 5. Bd3 Nc6 6. Bc2 Be7 7. O-O {LiveBook: 28 Games. B50: Sicilian: 2...d6, Miscellaneous} b5 (7... O-O 8. Re1 b6 9. a3 Bb7 10. d4 cxd4 11. cxd4 d5 12. e5 Ne4 13. Nbd2 Na5 14. Nxe4 dxe4 15. Bxe4 Bxe4 16. Rxe4 Qd5 17. Rg4 Rfc8 18. Bh6 g6 19. Nd2 Nc6 20. Ne4 Nxd4 21. Nc3 {1-0 (21) Bruzon Batista,L (2661)-Delgado Ramos,H (2445) Panama City 2017}) 8. Re1 Bb7 9. d3 {The position is equal.} h6 $146 ({Predecessor:} 9... O-O 10. Bd2 Qc7 11. Na3 a6 12. Rc1 Rad8 13. Bb1 Nd7 {1-0 (40) Mendes,A (1885)-Aguiar,C (1994) Olival Basto 2006}) 10. Nbd2 Qb6 11. Nf1 g5 (11... O-O $11) 12. N3h2 (12. a4 $16) 12... d5 $11 13. Qe2 O-O-O 14. Ng3 dxe4 15. dxe4 Ne5 16. Nh5 Nfd7 17. b4 (17. b3 $11) 17... cxb4 $17 18. Be3 Bc5 (18... Qa5 $1 $17 19. Rab1 Nc4 20. cxb4 Bxb4) 19. cxb4 Bxe3 20. fxe3 Nc4 ({Black should try} 20... Kb8 $17 21. Ng4 Rc8) 21. Nf3 $11 Rhg8 22. g4 (22. Rad1 $11) 22... f5 $19 23. exf5 Nde5 $1 {[%cal Re5f3]} 24. Nxe5 Nxe5 25. Rf1 (25. Red1 $17 {was called for.} Rxd1+ 26. Bxd1) 25... Nc4 $1 ({Inferior is} 25... Qc6 26. e4 $11) 26. Rf2 {[#]} Rd2 $2 (26... exf5 $1 $19 {aiming for ...f4.} 27. Bxf5+ Kb8) 27. Qe1 $15 Rgd8 {Strongly threatening ...Rxf2.} 28. fxe6 Qc6 (28... Rxf2 $15 29. Qxf2 Rd2) 29. Ng3 $1 $14 Qc7 $132 {[%mdl 2048] Black puts up resistance} 30. Nf1 Qc6 {[%csl Gb7][%cal Rc6h1]} 31. Ng3 {Hoping for e7.} Qc7 32. Nf1 Qc6 $1 {[%csl Gb7][%cal Rc6h1]} ({But not} 32... Rxf2 $6 33. Qxf2 Kb8 34. e4 $16) 33. e4 R2d6 $2 {[%mdl 8192]} (33... Rxf2 $14 34. Qxf2 Qxe6) 34. e7 $18 Re8 {[#]} 35. Ng3 $1 Qb6 36. Nf5 Rd2 {White must now prevent ...Rxc2.} 37. Kf1 Rd7 38. Bb3 Rexe7 $2 (38... Qe6 39. Ng7 Qxe7) 39. Nxe7+ {White is clearly winning.} Rxe7 40. Bxc4 bxc4 41. Rf8+ Kc7 42. Qg3+ Qd6 43. Qxd6+ Kxd6 44. Rd1+ Kc6 45. a4 a5 46. Rd4 {Precision: White = 45%, Black = 33%.} 1-0

[Event "XX Sants Open 2018"]
[Site "Cotxeres de Sants"]
[Date "2018.08.26"]
[Round "10"]
[White "Sviridov, Valery"]
[Black "Demchenko, Anton"]
[Result "1/2-1/2"]
[WhiteElo "2528"]
[BlackElo "2670"]
[Annotator "TA"]
[PlyCount "95"]
[EventDate "2018.08.17"]
[EventType "swiss"]
[EventCountry "ESP"]
[SourceTitle "playchess.com"]
[Source "ChessBase"]
[SourceQuality "1"]

{[%evp 19,95,27,37,20,36,-13,-21,-9,-18,-36,-29,-47,-36,-38,-7,-10,-20,-7,-11,-22,0,-32,0,0,0,0,0,0,0,0,0,0,0,0,0,0,18,0,0,0,0,0,0,0,0,0,0,0,0,0,0,0,0,0,0,0,0,0,0,0,0,0,0,0,0,0,0,0,0,0,0,0,0,0,0,0,0,0]} 1. Nf3 Nf6 2. g3 g6 3. b3 Bg7 4. Bb2 d6 5. d4 O-O 6. Bg2 Nbd7 7. O-O Re8 8. c4 e5 9. dxe5 Ng4 10. Nc3 {[%cal Bb1c3,Bc3e2,Be2f4][%mdl 32]} dxe5 {LiveBook: 15 Games. E60: King's Indian: Unusual lines and Fianchetto Variation without Nc3} 11. e3 (11. e4 c6 12. Qc2 Qe7 13. Rad1 Nc5 14. Ba3 b6 15. Na4 f5 16. Nxc5 bxc5 17. Ne1 f4 18. Nd3 {1-0 (41) Carlsen,M (2832)-Grischuk,A (2750) chess.com INT 2017}) 11... Nh6 $146 ({Predecessor:} 11... e4 12. Nd2 Nc5 13. Ndxe4 Nd3 14. Qc2 Nxb2 15. Qxb2 Qe7 16. Rae1 Bf5 17. Qc1 c6 {1-0 (47) Larino Nieto,D (2451)-Rodriguez Lopez,R (2257) Sanxenxo 2015}) 12. Qc2 e4 13. Nd4 f5 $1 14. Rad1 c6 15. Nce2 Qe7 16. Nf4 Nf6 17. h4 Nhg4 18. Rd2 Qf7 19. Rfd1 h6 20. Nde2 g5 21. Nh3 {The position is equal.} Qg6 22. Rd8 Be6 23. Rxa8 Rxa8 24. Rd6 Re8 $1 25. Qd2 Nh7 {[%cal Bf6h7,Bh7f8,Bf8e6][%mdl 32]} 26. hxg5 hxg5 27. Nd4 Nf8 $1 {Black wants to play ...Be5.} 28. Nxe6 Rxe6 29. Ba3 Rxd6 30. Bxd6 Ne6 31. Qa5 a6 32. Qb6 Be5 $1 {[%cal Re5d6]} 33. Bxe5 Nxe5 34. Qxb7 {[#] aiming for Qb8+.} Qf6 35. Qb8+ ({Don't do} 35. Qxa6 $6 Qd8 $16) 35... Kg7 36. Qd6 a5 37. b4 axb4 38. Qxb4 Kg6 39. Qb8 Nf3+ 40. Bxf3 $1 exf3 41. Qe8+ Kg7 {[#] ...Qa1+ is the strong threat.} 42. Qd7+ Kf8 {White must now prevent ...Qa1+.} 43. Qxc6 g4 44. Nf4 Qa1+ 45. Kh2 Qh8+ 46. Kg1 {White threatens Ng6+ and mate.} Qa1+ 47. Kh2 Qh8+ 48. Kg1 {Precision: White = 61%, Black = 80%.} 1/2-1/2

[Event "XX Sants Open 2018"]
[Site "Cotxeres de Sants"]
[Date "2018.08.26"]
[Round "10"]
[White "Vetoshko, Volodymyr"]
[Black "Illescas Cordoba, Miguel"]
[Result "0-1"]
[WhiteElo "2525"]
[BlackElo "2605"]
[Annotator "TA"]
[PlyCount "74"]
[EventDate "2018.08.17"]
[EventType "swiss"]
[EventCountry "ESP"]
[SourceTitle "playchess.com"]
[Source "ChessBase"]
[SourceQuality "1"]

{[%evp 15,74,7,15,-10,0,-16,-12,-27,-27,-35,-25,-22,43,-41,-41,-59,-43,-52,-48,-64,-33,-25,-35,-37,-32,-51,-50,-116,-108,-123,-128,-129,-124,-127,-118,-124,-84,-93,-63,-98,-102,-113,-51,-608,-583,-643,-638,-635,-628,-1017,-902,-872,-837,-29991,-29992,-29994,-29995,-29995,-29996,-29996,-29996]} 1. e4 e5 2. Nf3 Nc6 3. Bb5 Nf6 4. d3 Bc5 5. c3 O-O 6. O-O d6 7. h3 a6 {C65: Ruy Lopez: Berlin Defence (3...Nf6), unusual lines and 4 0-0 Bc5} 8. Bxc6 bxc6 {LiveBook: 32 Games} 9. Qe2 $146 ({Predecessor:} 9. Re1 Bb6 10. Nbd2 a5 11. Nc4 h6 12. d4 exd4 13. cxd4 Re8 14. Qc2 c5 15. d5 {1-0 (36) Carlsen,M (2851)-Eljanov,P (2765) Stavanger 2016}) 9... a5 {The position is equal.} 10. Re1 Re8 11. Nbd2 Ba6 12. c4 Nh5 13. Nb3 Bb4 (13... Bb6 $11) 14. Bg5 (14. Rd1 $1 $14) 14... f6 $1 $15 {[%cal Rf6g5,Bf7f6,Bf6f5][%mdl 32]} 15. Bd2 c5 16. Nxa5 Nf4 17. Qe3 Bxa5 18. Bxa5 f5 19. Bd2 Rf8 20. Kh2 Qf6 21. a4 ({White should try} 21. Rf1 $15) 21... Rab8 $1 $17 22. Bc3 fxe4 23. dxe4 Bxc4 24. a5 {[#]} Ba6 $1 $40 {[%mdl 128] Black wants a kill.} 25. Rad1 Rbe8 26. Rd2 Qf7 27. b4 cxb4 28. Bxb4 {[#]} Rb8 (28... Nxh3 $1 $17 {[%mdl 512] Threatens to win with ...Qh5.} 29. Kxh3 (29. gxh3 Qxf3) 29... Qh5+ 30. Nh4 (30. Kg3 $2 Rf4 $19) 30... g5) 29. Qa7 $2 {[%mdl 8192]} (29. Nxe5 $15 Qe8 30. Qc3 (30. Qb3+ $2 Kh8 $19)) 29... Nxg2 $19 30. Nxe5 Qf4+ 31. Kxg2 Rxb4 32. Re3 {[#]} Bf1+ $1 {[%mdl 512]} 33. Kxf1 dxe5 34. Rde2 Qh2 {[%cal Rh2h1] Black mates.} 35. Ke1 Qg1+ 36. Kd2 Rb2+ 37. Kd3 Qd1+ {Precision: White = 26%, Black = 55%.} 0-1